000 00237nam a22000977a 4500
008 250718b |||||||| |||| 00| 0 eng d
020 _a9789359589978
100 _aOswaal
_97599
245 _aSocial Science-9
260 _aOswaal
_bOswaal
_c2025
999 _c12786
_d12786